Salud pb︢lica y patentes farmacǔticas cuestiones de economa̕, polt̕ica y Derecho /

Detalles Bibliográficos
Otros Autores: Antezana, Fernando (pr.), Seuba Hernǹdez, Xavier (coord.)
Formato: Desconocido
Lenguaje:español
Publicado: Barcelona : Bosch, 2008
Materias:
Acceso en línea:Acceso restringido

MARC

LEADER 00000ny a22000003n 4500
005 2011061504374.0
008 090107s2009 sp 00 0 spa d
020 |a 9788476988343 
035 |a 3375 
040 |a BUS  |d vLex 
080 |a 342.9 
080 |a 347.771:615(460) 
090 |c 715  |d 715 
245 3 0 |a Salud pb︢lica y patentes farmacǔticas  |h [Recurso electrn̤ico]  |b cuestiones de economa̕, polt̕ica y Derecho /  |c Xavier Seuba Hernǹdez coordinador ; prl̤ogo de Fernando Antezana 
256 |a Servicio en ln̕ea 
260 |a Barcelona :  |b Bosch,  |c 2008 
300 |a 462 p. ;  |c 24 cm 
506 1 |a Contenido solo disponible en los productos indicados  |d vLex Global  |d vLex Global (Academic Edition, excluding Law Schools)  |d vLex Global (U.S. Academic Edition, Law Schools)  |d vLex Global (U.S. Academic Edition, excluding Law Schools)  |d vLex Global (Academic Edition, Law Schools) 
650 0 7 |a Sanidad publica  |2 Tesauro vLex 
650 0 7 |a Farmacias  |2 Tesauro vLex 
700 1 |a Antezana, Fernando,  |e pr.  
700 1 |a Seuba Hernǹdez, Xavier,  |e coord. 
740 0 |a vLex Libros (Servicios en ln̕ea) 
856 4 0 |u http://vlex.com/source/3375  |z Acceso restringido 
942 |c BOOK 
999 0 |a Public health   |b Barcelona 
999 0 |a Drugstores  |b Barcelona